书目信息 |
| 题名: |
克劳塞维茨传
|
|
| 作者: | 法比安 , Fabian 著 ;军事科学院外军部 译 | |
| 分册: | ||
| 出版信息: | 北京 中国对外翻译出版公司 1984 |
|
| 页数: | 267页 | |
| 开本: | 21cm | |
| 丛书名: | ||
| 单 册: | ||
| 中图分类: | K835.165.2 | |
| 科图分类: | ||
| 主题词: | 历史 , 地理 | |
| 电子资源: | ||
| ISBN: | ||
| 000 | 00854nam0 2200301 45 | |
| 001 | 0184002066 | |
| 005 | 20040512171914.1 | |
| 010 | @dCNY1.35 | |
| 091 | @a5220.9 | |
| 100 | @a19950527d1984 em y0chiy0121 ea | |
| 101 | 1 | @achi@cger |
| 102 | @aCN@b110000 | |
| 105 | @ay z 000zb | |
| 106 | @ar | |
| 200 | 10 | @a克劳塞维茨传@Ake lao sai wei ci zhuan@f(德)法比安(F.Fabian)著@g军事科学院外军部译 |
| 210 | @a北京@c中国对外翻译出版公司@d1984 | |
| 215 | @a267页@d21cm | |
| 300 | @a书名原文:Clausewitz | |
| 510 | 1 | @aClausewitz@zger |
| 606 | 0 | @a历史 |
| 606 | 0 | @a地理 |
| 690 | @aK835.165.2@v3 | |
| 701 | 1 | @a法比安@Afa bi an@bF.@4著 |
| 701 | A1 | @aFabian@bF.@4著 |
| 711 | 02 | @a军事科学院外军部@Ajun shi ke xue yuan wai jun bu@4译 |
| 801 | 0 | @aCN@b上海图书馆@c20040512 |
| 801 | 2 | @aCN@bNLC@c20040512 |
| 905 | @f1@b129820@dK835.165.2@e93:FB | |
| 克劳塞维茨传/(德)法比安(F.Fabian)著/军事科学院外军部译.-北京:中国对外翻译出版公司,1984 |
| 267页;21cm |
| 书名原文:Clausewitz |
| ISBN :CNY1.35 |
| ● |
| 相关链接 |
|
|
|
|
正题名:克劳塞维茨传
索取号:K835.165.2/93:FB
 
预约/预借
| 序号 | 登录号 | 条形码 | 馆藏地/架位号 | 状态 | 备注 |
| 1 | 0129820 | 001694116 | 密集书库/ [索取号:K835.165.2/93:FB] | 在馆 | |
| 2 | 0129821 | 001540167 | 第二样本阅览室/ [索取号:K835.165.2/93:FB] | 在馆 |